000 00403nam a2200169Ia 4500
008 170705s9999 xx 000 0 und d
020 _a590339494
245 _aMake way for ducklings /
245 _cRobert McCloskey.
260 _aNew York :
260 _bScholastic,
260 _c1941
300 _aunpaged :
300 _bblack and white illustrations ;
300 _c23cm.
500 _a630
999 _c336091
_d336091